Joy Fieldingová: Zátišie

Bibliographic Details
Main Author: Galovičová, Zuzana (Author)
Format: Article
Language:Slovak
ISSN:1210-1982
Subjects:
Online Access:http://www.litcentrum.sk/kniznarevue

MARC

LEADER 00000nab a2200000 ar4500
001 vtls010105507
003 SK-MaSNL
005 20260303080739.0
008 100611c2010 xo ||||||||||||00 b|slo
015 |a SNBRB2010/06  |2 snkbucl 
038 |a SNKBUCL 
040 |a SNKBUCL  |b slo  |c SNKBUCL  |e AACR2 
041 0 |a slo 
044 |a xo  |c SK 
080 |a 82.09:821.111 (71)-312.4  |2 2001 
080 |a 821.111 (71)-312.4.09  |2 2001 
100 1 |a Galovičová, Zuzana  |4 aut  |9 870540 
245 1 0 |a Joy Fieldingová: Zátišie  |c Zuzana Galovičová 
600 1 7 |a Fielding, Joy,  |d 1945-  |t Zátišie  |2 snkbucl  |9 1083020 
655 7 |a prehľady  |2 snkbucl  |9 70194 
773 0 |t Knižná revue  |g Roč. XX, č. 9 (2010), s. 10  |x 1210-1982 
852 |a SNK  |b KIS3GCP 
856 4 1 |u http://www.litcentrum.sk/kniznarevue 
958 |a LX 
958 |a CA 
999 |c 1781815  |d 1783745